दो बहनें (Record no. 100602)

MARC details
000 -LEADER
fixed length control field 01102nam a2200289Ia 4500
003 - CONTROL NUMBER IDENTIFIER
control field OSt
005 - DATE AND TIME OF LATEST TRANSACTION
control field 20220916110906.0
008 - FIXED-LENGTH DATA ELEMENTS--GENERAL INFORMATION
fixed length control field 220915b |||||||| |||| 00| 0 hin d
020 ## - INTERNATIONAL STANDARD BOOK NUMBER
International Standard Book Number 9788188939527 (hbk)
037 ## - SOURCE OF ACQUISITION
Terms of availability Textbook
040 ## - CATALOGING SOURCE
Language of cataloging hin
Original cataloging agency ARTS
Transcribing agency ARTS
041 ## - LANGUAGE CODE
Language code of text/sound track or separate title hin
100 ## - MAIN ENTRY--PERSONAL NAME
Personal name शरतचंद्र; टोकी, राजेन्द्र, संपा.
245 #0 - TITLE STATEMENT
Title दो बहनें
246 ## - VARYING FORM OF TITLE
Title proper/short title Do bahanean
260 ## - PUBLICATION, DISTRIBUTION, ETC.
Place of publication, distribution, etc. दिल्ली
Name of publisher, distributor, etc. सुमित बुक्स भारत
Date of publication, distribution, etc. 2011
300 ## - PHYSICAL DESCRIPTION
Extent 96पृ0
Dimensions cm.
650 ## - SUBJECT ADDED ENTRY--TOPICAL TERM
Topical term or geographic name entry element बंगाली साहित्य
942 ## - ADDED ENTRY ELEMENTS (KOHA)
Classification part O157,3M76,DB, 152Q1
Koha item type Textbook
Source of classification or shelving scheme Colon Classification (CC)
Holdings
Withdrawn status Lost status Damaged status Not for loan Home library Current library Date acquired Source of acquisition Cost, normal purchase price Total Checkouts Full call number Barcode Date last seen Cost, replacement price Price effective from Koha item type Public note
        Arts Library Arts Library 2022-09-16 13328ए 14ध्07ध्2012ए ज्ञपजंइ ळींत 150.00   O157,3M76,DB 152Q1 AL1487607 2022-09-16 150.00 2022-09-16 Textbook Translated from Bengali to Hindi
Copyright @ Delhi University Library System